Human rights (Record no. 155137)
[ view plain ]
| 000 -LEADER | |
|---|---|
| fixed length control field | 01383nam a2200349Ia 4500 |
| 245 00 - TITLE STATEMENT | |
| Title | Human rights |
| 260 ## - PUBLICATION, DISTRIBUTION, ETC. (IMPRINT) | |
| Place of publication | Ann Arbor, MI : |
| Name of publisher | University of Michigan Press, |
| Year of publication | 2004, c2001. |
| 300 ## - PHYSICAL DESCRIPTION | |
| Number of Pages | 124 p. |
| 490 1# - SERIES STATEMENT | |
| Series statement | The Amherst series in law, jurisprudence, and social thought |
| 650 #0 - SUBJECT ADDED ENTRY--TOPICAL TERM | |
| Topical Term | Civil rights. |
| Topical Term | Human rights. |
| 700 1# - ADDED ENTRY--PERSONAL NAME | |
| Personal name | Kearns, Thomas R. |
| Personal name | Sarat, Austin. |
| 856 40 - ELECTRONIC LOCATION AND ACCESS | |
| Uniform Resource Identifier | http://site.ebrary.com/lib/rucke/Doc?id=10351536 |
No items available.
